[Event "BRA Amateur-ch U2200"]
[Site "Sao Paulo"]
[Date "2022.11.03"]
[Round "1"]
[White "Ikejiri, Daniel Yoshito"]
[Black "De Oliveira, Jairo Quintiliano"]
[Result "1-0"]
[WhiteElo "1939"]
[BlackElo "1792"]
[PlyCount "63"]
[EventDate "2022.11.03"]
[EventType "swiss"]
[EventRounds "7"]
[EventCountry "BRA"]
[SourceTitle "CBM 211 Extra"]
[Source "ChessBase"]
[SourceDate "2023.01.31"]
[SourceVersion "1"]
[SourceVersionDate "2023.01.31"]
[SourceQuality "1"]

1. e4 e5 2. Nf3 Nc6 3. d4 exd4 4. Nxd4 Qh4 5. Nc3 Bb4 6. Be2 Qxe4 7. Ndb5 Bxc3+ 8. bxc3 Kd8 9. 0-0 a6 10. Nd4 Nxd4 11. cxd4 Nf6 12. Bf3 Qf5 13. Re1 d6 14. c4 Rb8 15. c5 Re8 16. cxd6 Rxe1+ 17. Qxe1 cxd6 18. Ba3 Ne8 19. Qc3 Bd7 20. Re1 Bb5 21. Qe3 Qe6 22. Qd2 Qd7 23. Qf4 Bc4 24. Qg5+ f6 25. Qa5+ b6 26. Qd2 a5 27. h3 h6 28. d5 Nc7 29. Qf4 Nb5 30. Qxc4 Nxa3 31. Qd3 Nb5 32. Bg4 1-0

[Event "BRA-ch U2300 Amateurs"]
[Site "Sao Paulo"]
[Date "2022.06.16"]
[Round "2"]
[White "Ikejiri, Daniel Yoshito"]
[Black "Alves, Danilo Vieira"]
[Result "1/2-1/2"]
[WhiteElo "1946"]
[BlackElo "1729"]
[PlyCount "55"]
[EventDate "2022.06.16"]
[EventType "swiss"]
[EventRounds "7"]
[EventCountry "BRA"]
[SourceTitle "CBM 208 Extra"]
[Source "ChessBase"]
[SourceDate "2022.07.31"]
[SourceVersion "1"]
[SourceVersionDate "2022.07.31"]
[SourceQuality "1"]

1. e4 c6 2. d4 d5 3. exd5 cxd5 4. c4 Nf6 5. Nc3 Nc6 6. Bg5 dxc4 7. d5 Ne5 8. Qd4 h6 9. Qxe5 hxg5 10. Bxc4 a6 11. Rd1 Qb6 12. Bb3 Qxf2+ 13. Kxf2 Ng4+ 14. Kg3 Nxe5 15. Nge2 f5 16. h3 f4+ 17. Kf2 Bf5 18. Nd4 g6 19. Nxf5 gxf5 20. Rhe1 Bg7 21. d6 Rd8 22. dxe7 Rxd1 23. Rxd1 Kxe7 24. Nd5+ Kf8 25. Nc7 Ke7 26. Nd5+ Kf8 27. Nc7 Ke7 28. Nd5+ 1/2-1/2

[Event "Florianopolis op 8th"]
[Site "Florianopolis"]
[Date "2022.01.28"]
[Round "7"]
[White "Ikejiri, Daniel Yoshito"]
[Black "Caetano, Hugo Zanotti Mendon"]
[Result "1/2-1/2"]
[WhiteElo "1961"]
[BlackElo "2161"]
[PlyCount "24"]
[EventDate "2022.01.24"]
[EventType "swiss"]
[EventRounds "10"]
[EventCountry "BRA"]
[SourceTitle "EXT 2023"]
[Source "ChessBase"]
[SourceDate "2022.10.05"]
[SourceVersion "1"]
[SourceVersionDate "2022.10.05"]
[SourceQuality "1"]

1. e4 c5 2. Nf3 e6 3. d4 cxd4 4. Nxd4 a6 5. Nc3 Bb4 6. Bd3 d6 7. 0-0 Nf6 8. Bd2 Nbd7 9. Nb3 Nc5 10. Nxc5 Bxc5 11. Qe2 0-0 12. Bg5 h6 1/2-1/2

[Event "Florianopolis op 8th"]
[Site "Florianopolis"]
[Date "2022.01.27"]
[Round "5"]
[White "Ikejiri, Daniel Yoshito"]
[Black "Da Silva Junior, Marco Aurelio"]
[Result "1-0"]
[WhiteElo "1961"]
[BlackElo "1690"]
[PlyCount "91"]
[EventDate "2022.01.24"]
[EventType "swiss"]
[EventRounds "10"]
[EventCountry "BRA"]
[SourceTitle "CBM 206 Extra"]
[Source "ChessBase"]
[SourceDate "2022.03.31"]
[SourceVersion "1"]
[SourceVersionDate "2022.03.31"]
[SourceQuality "1"]

1. e4 c5 2. Nf3 Nc6 3. d4 cxd4 4. Nxd4 e5 5. Nb5 Nf6 6. N1c3 a6 7. Nd6+ Bxd6 8. Qxd6 Qe7 9. Qxe7+ Kxe7 10. Bg5 Nb4 11. 0-0-0 h6 12. Bxf6+ Kxf6 13. a3 Nc6 14. Nd5+ Kg6 15. Nb6 Rb8 16. Bc4 Rd8 17. Rd6+ f6 18. c3 Kh7 19. Rhd1 Rf8 20. Be2 Kh8 21. Bg4 Rf7 22. Bf5 Re7 23. h4 Re8 24. Nxc8 Rexc8 25. Bxd7 Rc7 26. Bxc6 bxc6 27. Rd8+ Rxd8 28. Rxd8+ Kh7 29. b4 a5 30. Kb2 axb4 31. cxb4 Kg6 32. g4 Kf7 33. a4 Ke7 34. Rd2 c5 35. b5 c4 36. Kc3 Rc8 37. a5 Re8 38. Ra2 Rc8 39. a6 Kd6 40. a7 Ra8 41. Kxc4 Kc7 42. Kc5 Kb7 43. b6 Rc8+ 44. Kb5 Ka8 45. Ka6 Rc6 46. Rd2 1-0

[Event "Titled Tuesday intern op 23rd Feb"]
[Site "Chess.com INT"]
[Date "2021.02.23"]
[Round "3"]
[White "Ikejiri, Daniel Yoshito"]
[Black "Stepak, Yedael"]
[Result "0-1"]
[WhiteElo "1961"]
[BlackElo "2217"]
[PlyCount "52"]
[EventDate "2021.02.23"]
[EventType "swiss (blitz)"]
[EventRounds "11"]
[EventCountry "USA"]
[SourceTitle "CBM 200 Extra"]
[Source "ChessBase"]
[SourceDate "2021.03.31"]
[SourceVersion "1"]
[SourceVersionDate "2021.03.31"]
[SourceQuality "1"]

1. e4 c5 2. Nf3 e6 3. d4 cxd4 4. Nxd4 a6 5. Nc3 Qc7 6. Bd3 Bd6 7. h3 h6 8. 0-0 g5 9. Re1 Nf6 10. Nf3 Nc6 11. Qe2 Ne5 12. Nxe5 Bxe5 13. Bd2 Rg8 14. Rf1 h5 15. Rae1 h4 16. Qf3 g4 17. hxg4 Nxg4 18. Qe2 Nh2 19. Kh1 Nxf1 20. Rxf1 Bf4 21. Be3 Bxe3 22. Qxe3 b6 23. f4 Qc5 24. Qh3 Qh5 25. f5 Qg4 26. Qe3 Qxg2# 0-1

[Event "Titled Tuesday intern op 23rd Feb"]
[Site "Chess.com INT"]
[Date "2021.02.23"]
[Round "6"]
[White "Ochedzan, Tymon"]
[Black "Ikejiri, Daniel Yoshito"]
[Result "1-0"]
[WhiteElo "2165"]
[BlackElo "1961"]
[PlyCount "71"]
[EventDate "2021.02.23"]
[EventType "swiss (blitz)"]
[EventRounds "11"]
[EventCountry "USA"]
[SourceTitle "CBM 200 Extra"]
[Source "ChessBase"]
[SourceDate "2021.03.31"]
[SourceVersion "1"]
[SourceVersionDate "2021.03.31"]
[SourceQuality "1"]

1. e4 c5 2. Nf3 d6 3. Bb5+ Nd7 4. 0-0 a6 5. Bd3 g6 6. Re1 Bg7 7. c3 e6 8. Bc2 Ne7 9. d4 0-0 10. Bf4 e5 11. dxe5 dxe5 12. Bg5 Qe8 13. Nbd2 Nc6 14. Nc4 Nf6 15. a4 Bg4 16. h3 Rd8 17. Qe2 Bc8 18. a5 h6 19. Bh4 g5 20. Bg3 Nh5 21. Ba4 Nxg3 22. fxg3 Be6 23. Ncxe5 Rc8 24. Nxc6 bxc6 25. Qxa6 Qe7 26. Bxc6 Qc7 27. Bd5 Bd7 28. g4 h5 29. gxh5 Qg3 30. Qe2 Bxh3 31. Qf2 Qg4 32. Nh2 Qxh5 33. gxh3 Qxh3 34. a6 Be5 35. Qg2 Qe3+ 36. Rxe3 1-0

[Event "Titled Tuesday intern op 27th Oct"]
[Site "Chess.com INT"]
[Date "2020.10.27"]
[Round "7"]
[White "Ikejiri, Daniel Yoshito"]
[Black "Charkhalashvili, Inga"]
[Result "0-1"]
[WhiteElo "1961"]
[BlackElo "2276"]
[PlyCount "108"]
[EventDate "2020.10.27"]
[EventType "swiss (blitz)"]
[EventRounds "11"]
[EventCountry "USA"]
[SourceTitle "CBM 199 Extra"]
[Source "ChessBase"]
[SourceDate "2021.01.31"]
[SourceVersion "1"]
[SourceVersionDate "2021.01.31"]
[SourceQuality "1"]

1. e4 c6 2. d4 d6 3. Nc3 Qc7 4. Nf3 e5 5. h3 Nf6 6. Bc4 Be7 7. 0-0 0-0 8. Bg5 b5 9. Bb3 b4 10. Bxf6 Bxf6 11. Ne2 exd4 12. Nexd4 Ba6 13. Re1 c5 14. Nf5 c4 15. Ba4 Rd8 16. Rb1 Bb7 17. Qe2 Nd7 18. Bxd7 Rxd7 19. e5 dxe5 20. Nxe5 Bxe5 21. Qxe5 Qxe5 22. Rxe5 g6 23. Ne3 Ba6 24. a3 Rb8 25. Ra5 Rd6 26. axb4 Rxb4 27. Rba1 Bb5 28. Rxa7 Rxb2 29. Re7 Rd7 30. Ra7 Rxe7 31. Rxe7 Ba6 32. Rc7 h5 33. Kh2 Kg7 34. g4 hxg4 35. hxg4 Ra2 36. Kg3 Ra3 37. Rc6 Bb5 38. Rc5 Ba6 39. Rc6 Bb7 40. Rxc4 Ra1 41. Rc7 Be4 42. Kf4 Ba8 43. f3 Re1 44. g5 Re2 45. c4 Rf2 46. Nd5 Rc2 47. Ke3 Bxd5 48. Kd3 Rc1 49. Kd2 Rxc4 50. Rd7 Bxf3 51. Ke3 Bg4 52. Re7 Be6 53. Ra7 Rc5 54. Kf4 Rf5+ 0-1

[Event "Titled Tuesday intern op 20th Oct"]
[Site "Chess.com INT"]
[Date "2020.10.20"]
[Round "8"]
[White "Ikejiri, Daniel Yoshito"]
[Black "Kashlinskaya, Alina"]
[Result "0-1"]
[WhiteElo "1961"]
[BlackElo "2494"]
[PlyCount "40"]
[EventDate "2020.10.20"]
[EventType "swiss (blitz)"]
[EventRounds "11"]
[EventCountry "USA"]
[SourceTitle "EXT 2022"]
[Source "ChessBase"]
[SourceDate "2021.10.06"]
[SourceVersion "1"]
[SourceVersionDate "2021.10.06"]
[SourceQuality "1"]

1. e4 e6 2. d4 d5 3. Nd2 h6 4. exd5 exd5 5. Bd3 Bd6 6. Ne2 Nf6 7. Nf3 Bg4 8. Nc3 0-0 9. Be3 Re8 10. h3 Bxf3 11. Qxf3 c5 12. dxc5 Bxc5 13. 0-0-0 d4 14. Bb5 Nc6 15. Bf4 Qa5 16. Bxc6 bxc6 17. Nb1 Qxa2 18. Qxc6 Rac8 19. Qb5 Nd5 20. Bd2 Rb8 0-1

[Event "Titled Tuesday intern op 20th Oct"]
[Site "Chess.com INT"]
[Date "2020.10.20"]
[Round "2"]
[White "Ikejiri, Daniel Yoshito"]
[Black "Kashtanov, Ruslan"]
[Result "1/2-1/2"]
[WhiteElo "1961"]
[BlackElo "2376"]
[PlyCount "112"]
[EventDate "2020.10.20"]
[EventType "swiss (blitz)"]
[EventRounds "11"]
[EventCountry "USA"]
[SourceTitle "EXT 2022"]
[Source "ChessBase"]
[SourceDate "2021.10.06"]
[SourceVersion "1"]
[SourceVersionDate "2021.10.06"]
[SourceQuality "1"]

1. e4 c6 2. d4 d5 3. exd5 cxd5 4. c4 Nf6 5. Nc3 e6 6. Bg5 Bb4 7. Nf3 h6 8. Bh4 Qa5 9. Qb3 Ne4 10. Rc1 Nc6 11. Bd3 f5 12. Bg3 0-0 13. Be5 Qb6 14. 0-0 Na5 15. Qc2 Bxc3 16. bxc3 Nxc4 17. Bxc4 dxc4 18. Rb1 Qc6 19. Nd2 Nxd2 20. Qxd2 b5 21. Rfe1 a5 22. Qb2 Bd7 23. a3 Qd5 24. Qe2 f4 25. f3 Rf5 26. Rb2 Bc6 27. Bc7 Raf8 28. Qxe6+ Qxe6 29. Rxe6 a4 30. Rxc6 Rc8 31. Re2 Rf7 32. Re4 g5 33. Ree6 Rfxc7 34. Rxc7 Rxc7 35. Rxh6 Re7 36. Kf2 Re3 37. Rg6+ Kh7 38. Rxg5 Rxc3 39. Rxb5 Rxa3 40. Rb4 c3 41. Rc4 Ra2+ 42. Ke1 c2 43. Kd2 c1Q+ 44. Kxc1 Rxg2 45. Rxa4 Rxh2 46. d5 Rh5 47. Rxf4 Rxd5 48. Kc2 Kg6 49. Kc3 Rf5 50. Rg4+ Kh5 51. Rg3 Kh4 52. Rg4+ Kh5 53. Rd4 Rxf3+ 54. Kc4 Kg5 55. Rd5+ Rf5 56. Rxf5+ Kxf5 1/2-1/2

[Event "Titled Tuesday intern op 15th Sept"]
[Site "Chess.com INT"]
[Date "2020.09.15"]
[Round "7"]
[White "Ikejiri, Daniel Yoshito"]
[Black "Bach, Ngoc Thuy Duong"]
[Result "0-1"]
[WhiteElo "1961"]
[BlackElo "2239"]
[PlyCount "70"]
[EventDate "2020.09.15"]
[EventType "swiss (blitz)"]
[EventRounds "10"]
[EventCountry "USA"]
[SourceTitle "CBM 198 Extra"]
[Source "ChessBase"]
[SourceDate "2020.11.30"]
[SourceVersion "1"]
[SourceVersionDate "2020.11.30"]
[SourceQuality "1"]

1. e4 c5 2. Nf3 d6 3. d4 cxd4 4. Nxd4 Nf6 5. Nc3 a6 6. Be3 e5 7. Nb3 Be6 8. f3 Be7 9. Qd2 Nbd7 10. 0-0-0 0-0 11. Kb1 b5 12. g4 Nb6 13. g5 Nh5 14. Nd5 Bxd5 15. exd5 Qc7 16. h4 Ng3 17. Bxb6 Qxb6 18. Rh2 a5 19. Bd3 a4 20. Nc1 f5 21. gxf6 Rxf6 22. Qg2 Nh5 23. Qh1 Nf4 24. Be4 b4 25. Qg1 Qc7 26. Nd3 a3 27. Nxb4 axb2 28. Qe1 Rff8 29. Nc6 Bf6 30. h5 Qb6 31. h6 Qa6 32. Qa5 Qxa5 33. Nxa5 g6 34. Nc6 Rf7 35. Rg1 Rb7 0-1

[Event "Titled Tuesday intern op 15th Sept"]
[Site "Chess.com INT"]
[Date "2020.09.15"]
[Round "6"]
[White "Ikejiri, Daniel Yoshito"]
[Black "Idrisova, Roza"]
[Result "1-0"]
[WhiteElo "1961"]
[BlackElo "1960"]
[PlyCount "45"]
[EventDate "2020.09.15"]
[EventType "swiss (blitz)"]
[EventRounds "10"]
[EventCountry "USA"]
[SourceTitle "CBM 198 Extra"]
[Source "ChessBase"]
[SourceDate "2020.11.30"]
[SourceVersion "1"]
[SourceVersionDate "2020.11.30"]
[SourceQuality "1"]

1. e4 c6 2. c4 d5 3. exd5 cxd5 4. cxd5 Nf6 5. Qa4+ Nbd7 6. Nc3 g6 7. Nf3 Bg7 8. Bc4 0-0 9. d3 a6 10. Qa3 Nb6 11. Qb3 Qd6 12. 0-0 Rd8 13. Ne4 Qb8 14. Qxb6 Ne8 15. Qxd8 Kf8 16. Bg5 f6 17. Be3 b5 18. Bb3 Qb7 19. Qb6 Qd7 20. Rac1 Qg4 21. d6 e5 22. d7 Qxd7 23. Bc5+ 1-0

[Event "Titled Tuesday intern op 15th Sept"]
[Site "Chess.com INT"]
[Date "2020.09.15"]
[Round "1"]
[White "Koelle, Tobias"]
[Black "Ikejiri, Daniel Yoshito"]
[Result "1-0"]
[WhiteElo "2275"]
[BlackElo "1961"]
[PlyCount "91"]
[EventDate "2020.09.15"]
[EventType "swiss (blitz)"]
[EventRounds "10"]
[EventCountry "USA"]
[SourceTitle "CBM 198 Extra"]
[Source "ChessBase"]
[SourceDate "2020.11.30"]
[SourceVersion "1"]
[SourceVersionDate "2020.11.30"]
[SourceQuality "1"]

1. Nf3 d5 2. c4 Nf6 3. cxd5 Nxd5 4. Nc3 Nxc3 5. bxc3 g6 6. d4 Bg7 7. e4 c5 8. Qa4+ Bd7 9. Qb3 cxd4 10. cxd4 Nc6 11. Bb2 0-0 12. h4 h5 13. d5 Qa5+ 14. Nd2 Nd4 15. Bxd4 Bxd4 16. Rd1 Ba4 17. Qa3 Bc5 18. Qb2 Bxd1 19. Kxd1 Bxf2 20. Bd3 Rac8 21. Nc4 Qc5 22. Ke2 Bd4 23. Qb3 b5 24. Nd2 Qd6 25. Rh3 Qf6 26. Nf3 Bb6 27. e5 Qf4 28. Bc2 Rc4 29. e6 f6 30. Bxg6 Rfc8 31. Qd1 Rc1 32. Qd2 Qc4+ 33. Bd3 Qg4 34. Rh2 Kh8 35. Qh6+ Kg8 36. Qh7+ Kf8 37. Qh8+ Qg8 38. Qh6+ Qg7 39. Qxh5 R8c3 40. g4 Rc5 41. Qf5 Ke8 42. g5 fxg5 43. Qg6+ Qxg6 44. Bxg6+ Kd8 45. h5 Rxd5 46. h6 1-0

[Event "Titled Tuesday intern op 15th Sept"]
[Site "Chess.com INT"]
[Date "2020.09.15"]
[Round "4"]
[White "Okike, David"]
[Black "Ikejiri, Daniel Yoshito"]
[Result "1/2-1/2"]
[WhiteElo "2177"]
[BlackElo "1961"]
[PlyCount "58"]
[EventDate "2020.09.15"]
[EventType "swiss (blitz)"]
[EventRounds "10"]
[EventCountry "USA"]
[SourceTitle "CBM 198 Extra"]
[Source "ChessBase"]
[SourceDate "2020.11.30"]
[SourceVersion "1"]
[SourceVersionDate "2020.11.30"]
[SourceQuality "1"]

1. e4 c5 2. Nf3 d6 3. d4 cxd4 4. Nxd4 Nf6 5. Nc3 a6 6. Bg5 e6 7. f4 h6 8. Bh4 Qb6 9. a3 Be7 10. Bf2 Qc7 11. Bd3 Nc6 12. Nf3 b5 13. Qe2 Bb7 14. 0-0-0 Rc8 15. Rhe1 0-0 16. e5 Nd5 17. Nxd5 exd5 18. Bf5 Rcd8 19. e6 Bf6 20. exf7+ Kh8 21. Bg6 b4 22. axb4 Nxb4 23. Bd4 Bxd4 24. Nxd4 Qb6 25. Qe8 Na2+ 26. Kb1 Nc3+ 27. Kc1 Na2+ 28. Kb1 Nc3+ 29. Kc1 Na2+ 1/2-1/2

[Event "Titled Tuesday intern op 08th Sept"]
[Site "Chess.com INT"]
[Date "2020.09.08"]
[Round "9"]
[White "Przybylski, Wojciech"]
[Black "Ikejiri, Daniel Yoshito"]
[Result "1-0"]
[WhiteElo "2321"]
[BlackElo "1961"]
[PlyCount "83"]
[EventDate "2020.09.08"]
[EventType "swiss (blitz)"]
[EventRounds "10"]
[EventCountry "USA"]
[SourceTitle "CBM 198 Extra"]
[Source "ChessBase"]
[SourceDate "2020.11.30"]
[SourceVersion "1"]
[SourceVersionDate "2020.11.30"]
[SourceQuality "1"]

1. e4 c5 2. Nc3 d6 3. d4 cxd4 4. Qxd4 Nc6 5. Qd2 Nf6 6. b3 e6 7. Bb2 Be7 8. 0-0-0 a6 9. f3 Qc7 10. g4 h6 11. h4 b5 12. Bh3 Bd7 13. Nge2 Rc8 14. g5 Nh5 15. g6 f6 16. f4 b4 17. Na4 e5 18. Bxd7+ Kxd7 19. f5 Nf4 20. Nxf4 exf4 21. Nc5+ Ke8 22. Ne6 Qa5 23. Nxg7+ Kf8 24. Ne6+ Ke8 25. Kb1 Ne5 26. Qxf4 Qb5 27. Rh2 a5 28. Qf1 Qc6 29. Nd4 Qc5 30. Qb5+ Qxb5 31. Nxb5 Ng4 32. Rd3 Nxh2 33. Nxd6+ Bxd6 34. Rxd6 Ng4 35. Bxf6 Nxf6 36. Rxf6 h5 37. a4 Rf8 38. Ra6 Rc5 39. f6 Re5 40. Ra8+ Kd7 41. Rxf8 Rxe4 42. g7 1-0

[Event "Titled Tuesday intern op 01st Sept"]
[Site "Chess.com INT"]
[Date "2020.09.01"]
[Round "7"]
[White "Karwowski, Kacper"]
[Black "Ikejiri, Daniel Yoshito"]
[Result "0-1"]
[WhiteElo "2190"]
[BlackElo "1961"]
[PlyCount "44"]
[EventDate "2020.09.01"]
[EventType "swiss (blitz)"]
[EventRounds "10"]
[EventCountry "USA"]
[SourceTitle "CBM 198 Extra"]
[Source "ChessBase"]
[SourceDate "2020.11.30"]
[SourceVersion "1"]
[SourceVersionDate "2020.11.30"]
[SourceQuality "1"]

1. e4 c5 2. Nf3 d6 3. c3 Nf6 4. h3 Nc6 5. Bd3 e6 6. 0-0 Be7 7. Bc2 0-0 8. d4 cxd4 9. cxd4 Qc7 10. Nc3 a6 11. a3 b5 12. Bf4 e5 13. dxe5 dxe5 14. Bh2 Be6 15. Rc1 Rad8 16. Qe1 Qb8 17. Nd5 Nxd5 18. exd5 Bxd5 19. Nxe5 Nxe5 20. Bxe5 Qb7 21. f3 Rfe8 22. Qh4 Bxh4 0-1